| 000 | 00000nas 2200000za 4500 |
| 001 | 9.500184 |
| 003 | CaOODSP |
| 005 | 20250414130302 |
| 007 | cr ||||||||||| |
| 008 | 150406c19939999oncmr p o s f0 b0fre| |
| 022 | |a1719-3494 |
| 040 | |aCaOODSP|bfre |
| 041 | |afre|aeng |
| 043 | |an-cn--- |
| 086 | 1 |aSD16-1-PDF |
| 086 | 1 |aH12-23-PDF |
| 130 | 0 |aCanada Pension Plan, Old Age Security, statistical bulletin (En ligne) |
| 222 | 0|aCanada Pension Plan, Old Age Security, statistical bulletin |b(Online) |
| 245 | 10|aCanada Pension Plan, Old Age Security, statistical bulletin |h[ressource électronique] = |bRégime de pensions du Canada, Sécurité de la vieillesse, bulletin statistique. |
| 246 | 31|aRégime de pensions du Canada, Sécurité de la vieillesse, bulletin statistique |
| 246 | 3 |aBulletin statistique, Régime de pensions du Canada et sécurité de la vieillesse |
| 246 | 13|aCanada Pension Plan, Old Age Security, monthly statistical bulletin |
| 246 | 13|aRégime de pensions du Canada et Sécurité de la viellesse, bulletin statistique mensuel |
| 260 | |a[Ottawa] : |bEmploi et Développement social Canada, |c[1993]- |
| 310 | |aMensuel |
| 362 | 1 |aParaît depuis la livr. de janv. 1993. |
| 500 | |aEn majeure partie des tableaux. |
| 530 | |aLes numéros 1993-1997 numérisés par Emploi et Développement social Canada. |
| 546 | |aTexte en anglais et en français. |
| 550 | |aPubl. 1993 par Santé et Bien-être social Canada, 1994-2003 par Développement des ressources humaines Canada; 2004-2005 par Développement social Canada; 2006-2008 par Ressources humaines et développement social Canada; 2009-2011 par Ressources humaines et Développement des compétences Canada ; Août 2013- par Emploi et Développement social Canada. |
| 692 | 07|2gccst|aPension |
| 692 | 07|2gccst|aStatistiques |
| 692 | 07|2gccst|aVieillesse |
| 710 | 1 |aCanada. |bEmploi et développement social Canada. |
| 710 | 1 |aCanada. |bRessources humaines et développement des compétences Canada. |
| 710 | 1 |aCanada. |bDéveloppement social Canada. |
| 710 | 1 |aCanada. |bRessources humaines et développement social Canada. |
| 710 | 1 |aCanada. |bSanté et bien-être social Canada. |
| 720 | 2 |aSecrétariat des politiques sur les aînés et les pensions (SPAP) |
| 776 | 0#|tRégime de pension du Canada, Sécurité de la vieillesse: bulletin statistique |w(CaOODSP)9.508493 |
| 780 | 00|tIncome security programs, monthly statistics |w(CaOODSP)9.865013 |
| 791 | |tCanada Pension Plan, Old Age Security, statistical bulletin |eeng|w(CaOODSP)9.500183 |